Creativity in the classroom : (Record no. 17398)
[ view plain ]
| 000 -LEADER | |
|---|---|
| fixed length control field | 00604nam a2200169 4500 |
| 008 - FIXED-LENGTH DATA ELEMENTS--GENERAL INFORMATION | |
| fixed length control field | 221008b ||||| |||| 00| 0 eng d |
| 020 ## - INTERNATIONAL STANDARD BOOK NUMBER | |
| International Standard Book Number | 9780367609542 |
| 082 ## - DEWEY DECIMAL CLASSIFICATION NUMBER | |
| Edition number | 2022 |
| Classification number | DC 370.157 |
| Item number | St285 |
| 100 ## - MAIN ENTRY--PERSONAL NAME | |
| Personal name | Starko, Alane Jordan. |
| 9 (RLIN) | 46297 |
| 245 ## - TITLE STATEMENT | |
| Title | Creativity in the classroom : |
| Remainder of title | schools of curious delight / |
| Statement of responsibility, etc. | Alane Jordan Starko. |
| 250 ## - EDITION STATEMENT | |
| Edition statement | Seventh edition. |
| 260 ## - PUBLICATION, DISTRIBUTION, ETC. (IMPRINT) | |
| Place of publication, distribution, etc. | New York ; |
| Name of publisher, distributor, etc. | Routledge, |
| Date of publication, distribution, etc. | ©2022. |
| 300 ## - PHYSICAL DESCRIPTION | |
| Extent | xix, 442 pages : |
| Other physical details | illustrations, |
| Dimensions | 25 cm. |
| 500 ## - GENERAL NOTE | |
| General note | Includes appendix, bibliographical references and indexes.<br/> |
| 650 ## - SUBJECT ADDED ENTRY--TOPICAL TERM | |
| Topical term or geographic name as entry element | Creative thinking. |
| 9 (RLIN) | 46298 |
| 942 ## - ADDED ENTRY ELEMENTS (KOHA) | |
| Source of classification or shelving scheme | Dewey Decimal Classification |
| Koha item type | Circulation |
| Withdrawn status | Lost status | Source of classification or shelving scheme | Damaged status | Not for loan | Collection code | Home library | Current library | Shelving location | Date acquired | Source of acquisition | Cost, normal purchase price | Total Checkouts | Full call number | Barcode | Date last seen | Date last checked out | Copy number | Price effective from | Koha item type |
|---|---|---|---|---|---|---|---|---|---|---|---|---|---|---|---|---|---|---|---|
| Dewey Decimal Classification | Circulation | UM Digos College - LIC | UM Digos College - LIC | Book Cart | 08/16/2022 | Purchased | 6385.00 | 1 | DC 370.157 St285 2022 | 26700 | 09/03/2025 | 09/03/2025 | 1 | 10/08/2022 | Circulation |
